| 000 | 01482cam a2200265 4500 | ||
|---|---|---|---|
| 001 | ##L132348 | ||
| 008 | 020402n2006 000 0 eng u | ||
| 020 | _a9781842192884 | ||
| 035 | _a(Sirsi) u132348 | ||
| 041 | 0 | _aeng | |
| 050 | 0 | 4 | _a306.1094 $2 18 |
| 100 | 1 | _aBall, Michael | |
| 245 | 0 | 0 |
_aRICS European housing review 2006 _bexecutive summary _h[electronic resource] |
| 260 |
_aLondon _bRICS _c2006 |
||
| 300 |
_a15p. _c21cm. |
||
| 490 | 0 | _aRICS Research | |
| 520 | _aKey messages are: three of the top four economies, Germany, Italy and UK, now have flat housing markets; there were double-digit inflation rates in Estonia, Denmark, France, Spain and Sweden; and price rises are likely to slow markedly in 2006. Provides an overview of the performance of 18 European housing markets in 2005 in terms of inflation, building activity, mortgage markets and turnover. Contains summaries of recent market performance for Belgium, France, Germany, Ireland, Italy, the Netherlands and Spain. The full report is available online (see L132349). | ||
| 650 | 2 | 4 | _aRICS EUROPEAN HOUSING REVIEW |
| 650 | 2 | 4 | _aANNUAL REVIEW OF EUROPEAN HOUSING |
| 651 | 4 | _aEUROPEAN | |
| 690 | _aPROPERTY-RESIDENTIAL PROPERTY-RESIDENTIAL PROPERTY MARKET | ||
| 710 | 2 |
_aRoyal Institution of Chartered Surveyors _bResearch _94902 |
|
| 856 | 4 | 8 |
_uhttps://www.rics.org/site/download_feed.aspx?fileID=7312&fileExtension=PDF _zView the report free of charge on the www.rics.org website. |
| 942 | _n0 | ||
| 999 |
_c105101 _d105101 |
||